Analysing stress by rubber models (Record no. 54204)

MARC details
000 -LEADER
fixed length control field 00326nam a2200133Ia 4500
100 ## - MAIN ENTRY--AUTHOR NAME
Personal name Chitty L
245 #0 - TITLE STATEMENT
Title Analysing stress by rubber models
260 ## - PUBLICATION, DISTRIBUTION, ETC. (IMPRINT)
Name of publisher Rubber Developments
Year of publication 1956
300 ## - PHYSICAL DESCRIPTION
Number of Pages 7-May
650 ## - SUBJECT ADDED ENTRY--TOPICAL TERM
Topical Term Liquid rubber
650 ## - SUBJECT ADDED ENTRY--TOPICAL TERM
Topical Term Rubber models
942 ## - ADDED ENTRY ELEMENTS (KOHA)
Koha item type Journals
Holdings
Withdrawn status Lost status Damaged status Not for loan Home library Current library Shelving location Date acquired Serial Enumeration / chronology Koha item type
      Journals RRII Library RRII Library Rubber chemistry 17/12/2021 Volume 9, Issue 1 Journals